| 000 | 00880nam a22002657a 4500 | ||
|---|---|---|---|
| 001 | 9337 | ||
| 003 | FISKH | ||
| 005 | 20251211105120.0 | ||
| 008 | 251211b cb ||||| |||| 00| 0 eng d | ||
| 020 | _a9781730119828 | ||
| 040 |
_aFISKH _beng _cFISKH _dFISKH |
||
| 050 | _aPZ7 | ||
| 082 | _a398.2 | ||
| 100 |
_aAnonymous _eAuthor |
||
| 245 |
_aPuss in boots : _bUncle Moon's fairy tales / |
||
| 260 |
_aNew Delhi : _bDreamland Publications ; _c2011 |
||
| 300 |
_a16 pages : _bcolor illustrations ; _c28 cm |
||
| 505 | _aG | ||
| 520 | _aUncle Moon's fairy tales is one of the best collection of thirty fairy tales with colorful pictures. The fairy tales are told in very easy words with extremely attractive illustrations. | ||
| 521 | 8 |
_a400
_bLexile estimate |
|
| 521 | 8 |
_aG
_bRaz-Plus |
|
| 650 |
_aFairy tale _vPuss in boots |
||
| 942 |
_2ddc _cBK _n0 |
||
| 999 |
_c9337 _d9337 |
||